000 01424nam a22003257i 4500
003 EG-GICUC
005 20260224104319.0
008 260215s2007 ua |||fr|||| 000 0 ara d
017 _a2007/7763
020 _a9770315346
040 _a EG-GICUC
_bara
_c EG-GICUC
_d EG-GICUC
_erda
082 0 4 _221
_a341.83
_bهـ ش . م
092 0 4 _221
099 _aLaw1 11 341.83 هـ ش . م 2007
100 0 _aهشام خالد
_eمؤلف.
245 1 0 _aماهية الحكم القضائي الأجنبي :
_bدراسة فقهية قضائية مقارنة في النظم القانونية /
_cتأليف هشام خالد.
264 1 _aالأسكندرية :
_bمنشأة المعارف ،
_c2007.
300 _a479 صفحة؛
_c24 سم
336 _2rda content
_atext
337 _2rda media
_aComputer
338 _2rda carrier
_aOnline Resource
500 _aاللاتينية - الأنجلوسكسونية - العربية ، مع إشارة خاصة لمصر بمناسبة الحكم الصادر من محكمة النقض المصرية بجلسة ٢٠٠٠/٤/١١
504 _aيشتمل على إرجاعات ببيلوجرافية.
546 _aالنص باللغة العربية
650 1 4 _aالأجانب - مركز قانوني - قانون دولي
_2qrmak
651 1 _2qrmak
856 4 0 _uhttps://fll.law.cu.edu.eg/fulltext/bks/B12-02747.pdf
905 _a56
942 _2ddc
_cBK
_e21
_n0
999 _c63166
_d63166